000 00584nam a2200193 a 4500
001 000025086
005 20240510073819.0
008 110209s1957 xxu r 000 j spa d
040 _aDO-SdBNP
_bspa
_cBNPHU
082 _a248.4
_bP436g
100 1 _aPereira Alves, A.,
_940315
245 1 0 _aGotas de mi pluma /
_cA. Pereira Alves.
260 _aTexas, Estados Unidos :
_bCasa Bautista de Publicaciones,
_c1957.
300 _a110 p. ;
_c17 cm.
650 0 _aVida cristiana
_9668
650 4 _aMeditación
_9687
650 4 _aVida espiritual
_xRelatos personales
_951477
049 _aBNGR
999 _c24579
_d24579